| 000 | 00400cam a2200169ua 4500 | ||
|---|---|---|---|
| 020 | _c1.75 | ||
| 041 |
_amal _h |
||
| 082 |
_a894.81209 _bVAS/TH |
||
| 100 | _aVasudevan Moosad, K . | ||
| 245 |
_aThriveni / _cK.Vasudevan moosad. _hTextual Documents |
||
| 260 |
_aCalicut : _bP.K.Brothers , _c1962. |
||
| 300 | _a143 ; . | ||
| 365 | _a1.75 | ||
| 504 | _a | ||
| 942 | _cBK | ||
| 999 |
_c856 _d856 |
||